000
00319 a2200157 4500
001
173376
020
_a
040
_c
Magnum
100
_a
Siguemoto, Regina
240
1
0
_a
O que é de quem?
_l
por
245
1
0
_a
O que é de quem?
300
_a
16
362
0
_a
1991
697
_a
LITERATURA INFANTIL
942
_c
BK
999
_c
173376
_d
173376